<?xml version="1.0" encoding="UTF-8"?>
<record
    xmlns:xsi="http://www.w3.org/2001/XMLSchema-instance"
    xsi:schemaLocation="http://www.loc.gov/MARC21/slim http://www.loc.gov/standards/marcxml/schema/MARC21slim.xsd"
    xmlns="http://www.loc.gov/MARC21/slim">

  <leader>01386nam a22002537a 4500</leader>
  <datafield tag="999" ind1=" " ind2=" ">
    <subfield code="c">434474</subfield>
    <subfield code="d">434474</subfield>
  </datafield>
  <controlfield tag="003">UA-OsUOA</controlfield>
  <controlfield tag="005">20200311113632.0</controlfield>
  <controlfield tag="008">20170905b un ||||| |||| 00| 0 ukr d</controlfield>
  <datafield tag="020" ind1=" " ind2=" ">
    <subfield code="a">9786177328307</subfield>
  </datafield>
  <datafield tag="040" ind1=" " ind2=" ">
    <subfield code="a">UA-OsUOA</subfield>
    <subfield code="b">ukr</subfield>
    <subfield code="c">UA-OsUOA</subfield>
    <subfield code="d">UA-OsUOA</subfield>
  </datafield>
  <datafield tag="041" ind1=" " ind2=" ">
    <subfield code="a">ukr</subfield>
  </datafield>
  <datafield tag="080" ind1=" " ind2=" ">
    <subfield code="a">908(477/43+477.81)</subfield>
  </datafield>
  <datafield tag="090" ind1=" " ind2=" ">
    <subfield code="a">908(477/43+477.81)</subfield>
    <subfield code="b">&#x412;54</subfield>
  </datafield>
  <datafield tag="100" ind1=" " ind2=" ">
    <subfield code="a">&#x412;&#x438;&#x445;&#x43E;&#x432;&#x430;&#x43D;&#x435;&#x446;&#x44C; &#x422;.</subfield>
  </datafield>
  <datafield tag="245" ind1=" " ind2=" ">
    <subfield code="a">&#x427;&#x430;&#x441;&#x442;&#x438;&#x43D;&#x43A;&#x430; &#x456;&#x441;&#x442;&#x43E;&#x440;&#x456;&#x457;</subfield>
    <subfield code="b">&#x456;&#x441;&#x442;&#x43E;&#x440;&#x438;&#x43A;&#x43E;-&#x43A;&#x440;&#x430;&#x454;&#x437;&#x43D;&#x430;&#x432;&#x447;&#x456; &#x43D;&#x430;&#x440;&#x438;&#x441;&#x438;</subfield>
    <subfield code="c">&#x422;&#x430;&#x440;&#x430;&#x441; &#x412;&#x438;&#x445;&#x43E;&#x432;&#x430;&#x43D;&#x435;&#x446;&#x44C;</subfield>
  </datafield>
  <datafield tag="260" ind1=" " ind2=" ">
    <subfield code="a">&#x41D;&#x435;&#x442;&#x456;&#x448;&#x438;&#x43D;</subfield>
    <subfield code="c">2016</subfield>
  </datafield>
  <datafield tag="300" ind1=" " ind2=" ">
    <subfield code="a">216 &#x441;. </subfield>
    <subfield code="e">&#x456;&#x43B;.</subfield>
  </datafield>
  <datafield tag="520" ind1=" " ind2=" ">
    <subfield code="a">&#x423; &#x43A;&#x43D;&#x438;&#x437;&#x456; &#x432;&#x43C;&#x456;&#x449;&#x435;&#x43D;&#x43E; &#x43D;&#x430;&#x440;&#x438;&#x441;&#x438; &#x437; &#x456;&#x441;&#x442;&#x43E;&#x440;&#x456;&#x457; &#x41D;&#x435;&#x442;&#x456;&#x448;&#x438;&#x43D;&#x430;, &#x430; &#x442;&#x430;&#x43A;&#x43E;&#x436; &#x43D;&#x438;&#x437;&#x43A;&#x438; &#x43D;&#x430;&#x441;&#x435;&#x43B;&#x435;&#x43D;&#x438;&#x445; &#x43F;&#x443;&#x43D;&#x43A;&#x442;&#x456;&#x432; &#x421;&#x43B;&#x430;&#x432;&#x443;&#x442;&#x441;&#x44C;&#x43A;&#x43E;&#x433;&#x43E; &#x442;&#x430; &#x406;&#x437;&#x44F;&#x441;&#x43B;&#x430;&#x432;&#x441;&#x44C;&#x43A;&#x43E;&#x433;&#x43E; &#x440;&#x430;&#x439;&#x43E;&#x43D;&#x456;&#x432; &#x425;&#x43C;&#x435;&#x43B;&#x44C;&#x43D;&#x438;&#x446;&#x44C;&#x43A;&#x43E;&#x457; &#x442;&#x430; &#x41E;&#x441;&#x442;&#x440;&#x43E;&#x437;&#x44C;&#x43A;&#x43E;&#x433;&#x43E; &#x440;&#x430;&#x439;&#x43E;&#x43D;&#x443; &#x420;&#x456;&#x432;&#x43D;&#x435;&#x43D;&#x441;&#x44C;&#x43A;&#x43E;&#x457; &#x43E;&#x431;&#x43B;&#x430;&#x441;&#x442;&#x435;&#x439;. &#x412;&#x438;&#x434;&#x430;&#x43D;&#x43D;&#x44F; &#x440;&#x43E;&#x437;&#x440;&#x430;&#x445;&#x43E;&#x432;&#x430;&#x43D;&#x435; &#x43D;&#x430; &#x43A;&#x440;&#x430;&#x454;&#x43D;&#x43E;&#x437;&#x43D;&#x430;&#x432;&#x446;&#x456;&#x432;, &#x430; &#x442;&#x430;&#x43A;&#x43E;&#x436; &#x443;&#x441;&#x456;&#x445;, &#x445;&#x442;&#x43E; &#x446;&#x456;&#x43A;&#x430;&#x432;&#x438;&#x442;&#x44C;&#x441;&#x44F; &#x43B;&#x43E;&#x43A;&#x430;&#x43B;&#x44C;&#x43D;&#x43E;&#x44E; &#x456;&#x441;&#x442;&#x43E;&#x440;&#x456;&#x454;&#x44E; &#x43F;&#x456;&#x432;&#x43D;&#x43E;&#x447;&#x456; &#x425;&#x43C;&#x435;&#x43B;&#x44C;&#x43D;&#x438;&#x447;&#x447;&#x438;&#x43D;&#x438; &#x442;&#x430; &#x43F;&#x456;&#x432;&#x434;&#x435;&#x43D;&#x43D;&#x43E;&#x457; &#x447;&#x430;&#x441;&#x442;&#x438;&#x43D;&#x438; &#x420;&#x456;&#x432;&#x43D;&#x435;&#x43D;&#x449;&#x438;&#x43D;&#x438;.</subfield>
  </datafield>
  <datafield tag="650" ind1=" " ind2="7">
    <subfield code="a">908 &#x41A;&#x440;&#x430;&#x454;&#x437;&#x43D;&#x430;&#x432;&#x441;&#x442;&#x432;&#x43E;</subfield>
  </datafield>
  <datafield tag="942" ind1=" " ind2=" ">
    <subfield code="c">BK</subfield>
    <subfield code="2">udc</subfield>
  </datafield>
  <datafield tag="955" ind1=" " ind2=" ">
    <subfield code="a">4</subfield>
  </datafield>
  <datafield tag="952" ind1=" " ind2=" ">
    <subfield code="0">0</subfield>
    <subfield code="1">0</subfield>
    <subfield code="2">udc</subfield>
    <subfield code="4">0</subfield>
    <subfield code="7">0</subfield>
    <subfield code="a">300</subfield>
    <subfield code="b">300</subfield>
    <subfield code="d">2017-09-05</subfield>
    <subfield code="e">310/2014</subfield>
    <subfield code="g">1.00</subfield>
    <subfield code="i">2139311</subfield>
    <subfield code="l">0</subfield>
    <subfield code="o">908 &#x412;54</subfield>
    <subfield code="p">2139311</subfield>
    <subfield code="r">2019-09-15 00:00:00</subfield>
    <subfield code="w">2017-09-05</subfield>
    <subfield code="y">BK</subfield>
  </datafield>
  <datafield tag="952" ind1=" " ind2=" ">
    <subfield code="0">0</subfield>
    <subfield code="1">0</subfield>
    <subfield code="2">udc</subfield>
    <subfield code="4">0</subfield>
    <subfield code="7">0</subfield>
    <subfield code="a">102</subfield>
    <subfield code="b">102</subfield>
    <subfield code="d">2020-03-11</subfield>
    <subfield code="e">&#x2116; 6/24.02.2020</subfield>
    <subfield code="g">45.00</subfield>
    <subfield code="o">908(477/43+477.81) &#x412;54</subfield>
    <subfield code="p">162401</subfield>
    <subfield code="r">2022-02-07 00:00:00</subfield>
    <subfield code="v">45.00</subfield>
    <subfield code="w">2020-03-11</subfield>
    <subfield code="y">BK</subfield>
    <subfield code="z">&#x41F;&#x43E;&#x434;&#x430;&#x440;&#x443;&#x432;&#x430;&#x432; &#x412;&#x438;&#x445;&#x43E;&#x432;&#x430;&#x43D;&#x435;&#x446;&#x44C; &#x422;. &#x437; &#x430;&#x432;&#x442;&#x43E;&#x433;&#x440;&#x430;&#x444;&#x43E;&#x43C;</subfield>
  </datafield>
</record>
